[Event "Nezhmetdinov Memorial 41st"]
[Site "Kazan"]
[Date "2019.06.04"]
[Round "5"]
[White "Yudin, Sergei"]
[Black "Tokarev, Ilya"]
[Result "0-1"]
[WhiteElo "2507"]
[BlackElo "2318"]
[PlyCount "62"]
[EventDate "2019.05.31"]
[EventType "swiss"]
[EventRounds "9"]
[EventCountry "RUS"]
[SourceTitle "CBM 190 Extra"]
[Source "ChessBase"]
[SourceDate "2019.07.15"]
[SourceVersion "1"]
[SourceVersionDate "2019.07.15"]
[SourceQuality "1"]

1. e4 c6 2. d4 d5 3. exd5 cxd5 4. Bd3 Nc6 5. c3 Qc7 6. Ne2 Bg4 7. 0-0 Bh5 8. f4 e6 9. Qe1 Bd6 10. Ng3 Nf6 11. Nxh5 Nxh5 12. g3 Nf6 13. Nd2 h5 14. Nf3 Kf8 15. Qe2 Ne7 16. Bd2 g6 17. b3 Nf5 18. c4 Kg7 19. Rac1 Qd8 20. c5 Bc7 21. Be1 Ng4 22. Bc3 h4 23. Nxh4 Rxh4 24. gxh4 Qxh4 25. Bxf5 exf5 26. Be1 Qh8 27. Bg3 Re8 28. Qd3 Re3 29. Qd2 Ba5 30. Qb2 Rd3 31. Be1 Rd2 0-1

[Event "Tatarstan-ch"]
[Site "Kazan"]
[Date "2017.09.16"]
[Round "2"]
[White "Sharafiev, Azat"]
[Black "Tokarev, Ilya"]
[Result "1/2-1/2"]
[WhiteElo "2433"]
[BlackElo "2294"]
[PlyCount "121"]
[EventDate "2017.09.15"]
[EventType "swiss"]
[EventRounds "9"]
[EventCountry "RUS"]
[SourceTitle "CBM 180 Extra"]
[Source "ChessBase"]
[SourceDate "2017.10.06"]
[SourceVersion "1"]
[SourceVersionDate "2017.10.06"]
[SourceQuality "1"]

1. e4 c6 2. d4 d5 3. f3 e6 4. Nc3 Nf6 5. Be3 Be7 6. Bd3 b6 7. Nge2 0-0 8. 0-0 c5 9. exd5 exd5 10. b3 Nc6 11. Na4 Rb8 12. Bb5 Qc7 13. Bf4 Bd6 14. Bxd6 Qxd6 15. Qd2 Bd7 16. Rad1 Rfc8 17. Rf2 cxd4 18. Bxc6 Bxc6 19. Nb2 Qa3 20. Nd3 Qxa2 21. Nxd4 Qa3 22. Ne5 Bd7 23. Nxd7 Nxd7 24. Nf5 Nf8 25. Qg5 Ne6 26. Qe7 Qc5 27. Qxa7 Re8 28. Qa1 Rbd8 29. Nd4 Nf4 30. Kh1 Re5 31. b4 Qd6 32. Nc6 Rh5 33. g4 Qxc6 34. gxh5 Nxh5 35. Qe5 Nf6 36. Qd4 Re8 37. Qd2 Qc4 38. Re1 Rc8 39. Rfe2 h6 40. Rg2 Qh4 41. Reg1 g6 42. Qe1 Qh5 43. Rxg6+ fxg6 44. Qe6+ Kg7 45. Qe7+ Kg8 46. Qxf6 Rc6 47. Qd8+ Kg7 48. Qe7+ Kg8 49. Qe8+ Kg7 50. Qe7+ Kg8 51. Rg3 Rxc2 52. Qe8+ Kg7 53. Qe7+ Kg8 54. Qd8+ Kg7 55. Qd7+ Kg8 56. Qe6+ Kg7 57. Qd7+ Kg8 58. Qd8+ Kg7 59. Qe7+ Kg8 60. Qe6+ Kg7 61. Qd7+ 1/2-1/2

[Event "Nezhmetdinov Memorial 39th"]
[Site "Kazan"]
[Date "2017.06.04"]
[Round "5"]
[White "Belyakov, Bogdan"]
[Black "Tokarev, Ilya"]
[Result "1-0"]
[WhiteElo "2470"]
[BlackElo "2323"]
[PlyCount "47"]
[EventDate "2017.05.31"]
[EventType "swiss"]
[EventRounds "9"]
[EventCountry "RUS"]
[SourceTitle "EXT 2018"]
[Source "ChessBase"]
[SourceDate "2017.10.13"]
[SourceVersion "1"]
[SourceVersionDate "2017.10.13"]
[SourceQuality "1"]

1. e4 e6 2. d4 d5 3. Nc3 Nf6 4. Bg5 dxe4 5. Nxe4 Be7 6. Bxf6 gxf6 7. Nf3 f5 8. Nc3 a6 9. g3 b5 10. Bg2 Bb7 11. 0-0 c5 12. d5 b4 13. dxe6 bxc3 14. exf7+ Kf8 15. Qc1 Qb6 16. bxc3 Be4 17. Re1 Nd7 18. Qe3 Qf6 19. Nh4 Bxg2 20. Kxg2 Qc6+ 21. Kh3 Qf6 22. Rad1 Rd8 23. Rd5 Qg5 24. Qe6 1-0

[Event "Nezhmetdinov Memorial 39th"]
[Site "Kazan"]
[Date "2017.06.03"]
[Round "4"]
[White "Tokarev, Ilya"]
[Black "Gabitov, Ruslan"]
[Result "1-0"]
[WhiteElo "2323"]
[BlackElo "2103"]
[PlyCount "147"]
[EventDate "2017.05.31"]
[EventType "swiss"]
[EventRounds "9"]
[EventCountry "RUS"]
[SourceTitle "EXT 2018"]
[Source "ChessBase"]
[SourceDate "2017.10.13"]
[SourceVersion "1"]
[SourceVersionDate "2017.10.13"]
[SourceQuality "1"]

1. d4 d6 2. Nf3 Bg4 3. Nbd2 Nd7 4. g3 Ngf6 5. Bg2 e5 6. dxe5 dxe5 7. 0-0 Bc5 8. Nc4 Qe7 9. c3 Bxf3 10. exf3 0-0 11. Re1 Qe6 12. b3 Rad8 13. Qc2 Rfe8 14. Bb2 b5 15. Nd2 Qb6 16. Re2 Nf8 17. a4 Ng6 18. axb5 Qxb5 19. Rae1 Rb8 20. Bf1 Qb7 21. c4 Bb4 22. Bc3 Nd7 23. f4 Bxc3 24. Qxc3 f6 25. fxe5 fxe5 26. Bg2 Qb4 27. Bd5+ Kh8 28. Qxb4 Rxb4 29. Ra1 Ne7 30. Rxa7 Nxd5 31. cxd5 Rd4 32. Ra5 Nf6 33. Nf3 Rd1+ 34. Re1 Rxe1+ 35. Nxe1 Rd8 36. Nd3 Rxd5 37. Rxd5 Nxd5 38. Nxe5 Kg8 39. f4 Kf8 40. Kf2 Ke7 41. Kf3 Kd6 42. Ke4 Nc3+ 43. Kd3 Nd5 44. Kd4 c5+ 45. Kd3 h5 46. Nc4+ Ke6 47. Nd2 Kd6 48. Ne4+ Kc6 49. Nc3 Nb4+ 50. Ke4 Nc2 51. Kf5 Nd4+ 52. Kg6 Nxb3 53. Kxg7 Nd4 54. Kg6 c4 55. Kxh5 Nb5 56. Nxb5 Kxb5 57. f5 c3 58. f6 c2 59. f7 c1Q 60. f8Q Qd1+ 61. g4 Kc6 62. Qc8+ Kb6 63. Qe6+ Kc7 64. h4 Kd8 65. Kh6 Qa1 66. h5 Qc1+ 67. Kg6 Qc2+ 68. Kg7 Qc7+ 69. Qf7 Qg3 70. Qd5+ Ke8 71. Qe6+ Kd8 72. h6 Kc7 73. h7 Qc3+ 74. Kg8 1-0

[Event "Tatarstan-ch"]
[Site "Kazan"]
[Date "2016.09.22"]
[Round "7"]
[White "Murtazin, Bulat"]
[Black "Tokarev, Ilya"]
[Result "1-0"]
[WhiteElo "2358"]
[BlackElo "2294"]
[PlyCount "41"]
[EventDate "2016.09.16"]
[EventType "swiss"]
[EventRounds "9"]
[EventCountry "RUS"]
[SourceTitle "CBM 174 Extra"]
[Source "ChessBase"]
[SourceDate "2016.10.10"]
[SourceVersion "1"]
[SourceVersionDate "2016.10.10"]
[SourceQuality "1"]

1. e4 e6 2. d4 d5 3. Nd2 Be7 4. Ngf3 Nf6 5. e5 Nfd7 6. Bd3 c5 7. c3 Nc6 8. 0-0 a5 9. Re1 a4 10. c4 cxd4 11. cxd5 Nc5 12. Bb5 Qxd5 13. Nc4 Nd7 14. Bxc6 Qxc4 15. Be4 Nc5 16. Bg5 Bxg5 17. Nxg5 Nxe4 18. Rxe4 Qc7 19. Rc1 Qe7 20. Rxd4 Qxg5 21. f4 1-0

[Event "Tatarstan-ch"]
[Site "Kazan"]
[Date "2016.09.21"]
[Round "6"]
[White "Korovin, Mikhail"]
[Black "Tokarev, Ilya"]
[Result "1-0"]
[WhiteElo "2269"]
[BlackElo "2294"]
[PlyCount "81"]
[EventDate "2016.09.16"]
[EventType "swiss"]
[EventRounds "9"]
[EventCountry "RUS"]
[SourceTitle "CBM 174 Extra"]
[Source "ChessBase"]
[SourceDate "2016.10.10"]
[SourceVersion "1"]
[SourceVersionDate "2016.10.10"]
[SourceQuality "1"]

1. e4 e6 2. d4 d5 3. Nd2 Be7 4. Bd3 c5 5. dxc5 Nf6 6. Qe2 Nc6 7. c3 Bxc5 8. Ngf3 Be7 9. 0-0 b6 10. Re1 Bb7 11. e5 Nd7 12. b4 g5 13. Bb5 Qc7 14. Nb3 h6 15. Nfd4 Nxd4 16. Nxd4 a6 17. Bd3 Qxc3 18. Bb2 Qxb4 19. a3 Qa4 20. Bc2 Qc4 21. Qh5 Nc5 22. Rec1 Rf8 23. Bf5 Qa4 24. Bxe6 Nxe6 25. Nxe6 Qh4 26. Qxh4 gxh4 27. Nxf8 Kxf8 28. Bd4 Bg5 29. Rc7 Bc8 30. Bxb6 Kg7 31. Ra7 Rb8 32. Bd4 Kg6 33. f4 Bd8 34. h3 a5 35. Rf1 Bf5 36. Ra6+ Kh5 37. Rf2 Rb1+ 38. Kh2 Rd1 39. Bc5 Rb1 40. Ra8 Bc7 41. Ra7 1-0

[Event "RUS GP KO rapid"]
[Site "Kazan"]
[Date "2016.05.15"]
[Round "2.1"]
[White "Tokarev, Ilya"]
[Black "Ovchinnikov, Vsevolod"]
[Result "0-1"]
[WhiteElo "2294"]
[BlackElo "2261"]
[PlyCount "110"]
[EventDate "2016.05.15"]
[EventType "k.o. (rapid)"]
[EventRounds "4"]
[EventCountry "RUS"]
[SourceTitle "CBM 172 Extra"]
[Source "ChessBase"]
[SourceDate "2016.06.21"]
[SourceVersion "1"]
[SourceVersionDate "2016.06.21"]
[SourceQuality "1"]

1. c4 Nf6 2. Nc3 g6 3. e4 d6 4. d4 Bg7 5. Nf3 0-0 6. Be2 Nbd7 7. 0-0 e5 8. Bg5 h6 9. Bh4 Re8 10. d5 a5 11. Ne1 Nc5 12. Qc2 g5 13. Bg3 Bd7 14. b3 h5 15. f3 h4 16. Bf2 b6 17. Nd3 Nh5 18. g3 hxg3 19. hxg3 Rf8 20. Kg2 f5 21. Nxc5 bxc5 22. Rh1 Qe8 23. Bd3 g4 24. fxg4 fxg4 25. Be2 Qg6 26. Be3 Bh6 27. Qd2 Bxe3 28. Qxe3 Nf4+ 29. gxf4 exf4 30. Qd3 f3+ 31. Kf1 fxe2+ 32. Kxe2 Rf3 33. Qd2 Raf8 34. Raf1 Qf6 35. Qe1 Qxc3 36. Qxc3 Rxc3 37. Rh8+ Kxh8 38. Rxf8+ Kg7 39. Rd8 Ba4 40. bxa4 Rxc4 41. Rd7+ Kf6 42. Rxc7 Rxe4+ 43. Kf2 Rxa4 44. Rc6 Ke5 45. Kg3 Kxd5 46. Rb6 Rxa2 47. Kxg4 c4 48. Rb8 c3 49. Rc8 c2 50. Kf3 Kd4 51. Ke2 a4 52. Kd2 d5 53. Kc1 Kd3 54. Rh8 Ra1+ 55. Kb2 c1Q# 0-1

[Event "Nezhmetdinov Memorial 37th"]
[Site "Kazan"]
[Date "2015.06.05"]
[Round "6"]
[White "Tokarev, Ilya"]
[Black "Shariyazdanov, Andrey"]
[Result "1/2-1/2"]
[WhiteElo "2295"]
[BlackElo "2535"]
[PlyCount "98"]
[EventDate "2015.05.31"]
[EventType "swiss"]
[EventRounds "9"]
[EventCountry "RUS"]
[SourceTitle "CBM 166 Extra"]
[Source "ChessBase"]
[SourceDate "2015.06.18"]
[SourceVersion "1"]
[SourceVersionDate "2015.06.18"]
[SourceQuality "1"]

1. c4 e5 2. Nc3 d6 3. Nf3 f5 4. d4 e4 5. Bg5 Be7 6. Bxe7 Qxe7 7. Ng1 e3 8. fxe3 Nf6 9. g3 c6 10. Qd3 Na6 11. Bg2 0-0 12. Nh3 Bd7 13. 0-0 Rae8 14. Nd1 Nc7 15. Rc1 Ng4 16. Rc3 g5 17. Ra3 a6 18. Rb3 Bc8 19. Nhf2 Nf6 20. Nh3 h6 21. Rxf5 Bxf5 22. Qxf5 Rb8 23. e4 Qg7 24. Qa5 Ne6 25. Rd3 Nd7 26. Qd2 c5 27. dxc5 Ndxc5 28. Rxd6 Rbd8 29. Rd5 Nd4 30. Kh1 Nce6 31. Nhf2 Nc7 32. e5 Nxd5 33. Bxd5+ Rxd5 34. cxd5 Qxe5 35. e4 Nf3 36. Qc3 Qxc3 37. Nxc3 Nxh2 38. Kg2 Nf3 39. Nd3 Nd4 40. e5 Rf3 41. Nc5 Re3 42. e6 b6 43. Nd7 Kg7 44. Kf2 Rf3+ 45. Kg2 Rd3 46. g4 Rd2+ 47. Kf1 Nf3 48. Ne4 Nh2+ 49. Ke1 Nf3+ 1/2-1/2

[Event "Nezhmetdinov Memorial 37th"]
[Site "Kazan"]
[Date "2015.06.04"]
[Round "5"]
[White "Danin, Alexandre"]
[Black "Tokarev, Ilya"]
[Result "1-0"]
[WhiteElo "2575"]
[BlackElo "2295"]
[PlyCount "75"]
[EventDate "2015.05.31"]
[EventType "swiss"]
[EventRounds "9"]
[EventCountry "RUS"]
[SourceTitle "CBM 166 Extra"]
[Source "ChessBase"]
[SourceDate "2015.06.18"]
[SourceVersion "1"]
[SourceVersionDate "2015.06.18"]
[SourceQuality "1"]

1. e4 e6 2. Nc3 d5 3. d4 Nf6 4. e5 Nfd7 5. Nf3 c5 6. dxc5 Nc6 7. Bf4 Bxc5 8. Bd3 f6 9. exf6 Qxf6 10. Bg3 0-0 11. 0-0 Nd4 12. Nxd4 Bxd4 13. Qd2 Nc5 14. Rad1 Nxd3 15. Qxd3 Bb6 16. Qe2 Bd7 17. Be5 Qe7 18. Bd4 Bxd4 19. Rxd4 Qf6 20. Qe3 Qg6 21. Rd2 a6 22. f4 Rac8 23. Rff2 Rc4 24. Rd4 Rxd4 25. Qxd4 Qf6 26. Qb6 Bc6 27. Ne2 h6 28. h3 Kh7 29. c3 Qf5 30. Nd4 Qe4 31. Qc7 Rf6 32. Qe5 Qg6 33. a3 Bb5 34. f5 exf5 35. Rxf5 Rd6 36. Rf3 Qb1+ 37. Kh2 Rg6 38. Ne6 1-0

[Event "Nezhmetdinov Memorial 37th"]
[Site "Kazan"]
[Date "2015.05.31"]
[Round "1"]
[White "Tatehin, Yuri"]
[Black "Tokarev, Ilya"]
[Result "0-1"]
[WhiteElo "1776"]
[BlackElo "2295"]
[PlyCount "62"]
[EventDate "2015.05.31"]
[EventType "swiss"]
[EventRounds "9"]
[EventCountry "RUS"]
[SourceTitle "CBM 166 Extra"]
[Source "ChessBase"]
[SourceDate "2015.06.18"]
[SourceVersion "1"]
[SourceVersionDate "2015.06.18"]
[SourceQuality "1"]

1. d4 d5 2. Bf4 Nf6 3. e3 c6 4. Nd2 Bf5 5. h3 e6 6. Ngf3 Nbd7 7. Be2 Ne4 8. Ne5 Nxe5 9. dxe5 Qb6 10. Rb1 Bb4 11. c3 Nxd2 12. Qxd2 Bxc3 13. Qxc3 Bxb1 14. a3 0-0 15. 0-0 Bg6 16. b4 a5 17. Qd4 Qxd4 18. exd4 axb4 19. axb4 Ra4 20. b5 Rxd4 21. Be3 Ra4 22. bxc6 bxc6 23. Rc1 Ra2 24. Bd1 Rc8 25. Bc5 h6 26. Bd6 Rca8 27. Kf1 Ra1 28. Rxa1 Rxa1 29. Ke2 Be4 30. g3 Bf3+ 31. Kxf3 Rxd1 0-1

[Event "Nezhmetdinov Memorial 36th"]
[Site "Kazan"]
[Date "2014.06.08"]
[Round "9"]
[White "Tokarev, Ilya"]
[Black "Demidov, Mikhail"]
[Result "0-1"]
[WhiteElo "2295"]
[BlackElo "2512"]
[PlyCount "38"]
[EventDate "2014.05.31"]
[EventType "swiss"]
[EventRounds "9"]
[EventCountry "RUS"]
[SourceTitle "CBM 160 Extra"]
[Source "ChessBase"]
[SourceDate "2014.07.01"]
[SourceVersion "1"]
[SourceVersionDate "2014.07.01"]
[SourceQuality "1"]

1. c4 e5 2. Nc3 Bb4 3. g3 Bxc3 4. bxc3 d6 5. Bg2 Nf6 6. d3 0-0 7. e4 a6 8. Nf3 b5 9. c5 Bb7 10. 0-0 Nbd7 11. cxd6 cxd6 12. Ba3 Qc7 13. Nh4 g6 14. f4 Qxc3 15. fxe5 Nxe5 16. Rxf6 Qxa3 17. Bf1 Rac8 18. Qd2 Nd7 19. Rf2 Qc3 0-1

[Event "Nezhmetdinov Memorial 36th"]
[Site "Kazan"]
[Date "2014.06.02"]
[Round "3"]
[White "Kozina, Anastasia"]
[Black "Tokarev, Ilya"]
[Result "1-0"]
[WhiteElo "1886"]
[BlackElo "2295"]
[PlyCount "41"]
[EventDate "2014.05.31"]
[EventType "swiss"]
[EventRounds "9"]
[EventCountry "RUS"]
[SourceTitle "CBM 160 Extra"]
[Source "ChessBase"]
[SourceDate "2014.07.01"]
[SourceVersion "1"]
[SourceVersionDate "2014.07.01"]
[SourceQuality "1"]

1. e4 e6 2. d4 d5 3. Nd2 Nf6 4. e5 Nfd7 5. Bd3 c5 6. c3 cxd4 7. cxd4 Nc6 8. Ne2 f6 9. exf6 Qxf6 10. Nf3 h6 11. 0-0 Bd6 12. Ng3 0-0 13. Bb1 Rd8 14. Nh5 Qf7 15. Nh4 Nf8 16. Qg4 e5 17. Bf5 Kh8 18. Bxc8 Raxc8 19. Nf5 Ne6 20. Nhxg7 Nxg7 21. Nxd6 1-0

[Event "Nezhmetdinov Memorial rapid 36th"]
[Site "Kazan"]
[Date "2014.05.30"]
[Round "8"]
[White "Tokarev, Ilya"]
[Black "Iljin, Artem"]
[Result "1/2-1/2"]
[WhiteElo "2295"]
[BlackElo "2537"]
[PlyCount "60"]
[EventDate "2014.05.29"]
[EventType "swiss (rapid)"]
[EventRounds "9"]
[EventCountry "RUS"]
[SourceTitle "CBM 160 Extra"]
[Source "ChessBase"]
[SourceDate "2014.07.01"]
[SourceVersion "1"]
[SourceVersionDate "2014.07.01"]
[SourceQuality "1"]

1. c4 e6 2. Nf3 Nf6 3. Nc3 d5 4. e3 a6 5. b3 c5 6. Bb2 Nc6 7. d4 cxd4 8. Nxd4 Bd6 9. Be2 0-0 10. cxd5 exd5 11. 0-0 Re8 12. Rc1 Ne5 13. h3 Bd7 14. Nf3 Bc6 15. Rc2 Qe7 16. Nd4 Bd7 17. Na4 Rad8 18. Nb6 Be6 19. a3 Ne4 20. Nxe6 fxe6 21. Qa1 Nc6 22. b4 Bb8 23. Na4 Qd6 24. f4 e5 25. Rd1 Qh6 26. f5 Qxe3+ 27. Kh2 Qg3+ 28. Kg1 d4 29. Bf3 Nf6 30. Rd3 e4 1/2-1/2

[Event "Privolzhskogo FO-ch"]
[Site "Kazan"]
[Date "2012.03.05"]
[Round "8"]
[White "Tokarev, Ilya"]
[Black "Korovin, Mikhail"]
[Result "1-0"]
[WhiteElo "2288"]
[BlackElo "2094"]
[PlyCount "71"]
[EventDate "2012.02.26"]
[EventType "swiss"]
[EventRounds "9"]
[EventCountry "RUS"]
[SourceTitle "CBM 147 Extra"]
[Source "ChessBase"]
[SourceDate "2012.04.24"]
[SourceVersion "1"]
[SourceVersionDate "2012.04.24"]
[SourceQuality "1"]

1. c4 e6 2. Nf3 b6 3. Nc3 Bb7 4. e4 Bb4 5. Bd3 Ne7 6. Bc2 Bxc3 7. dxc3 Nbc6 8. e5 d6 9. Qe2 Ng6 10. Bg5 Qd7 11. Bxg6 hxg6 12. 0-0-0 Ne7 13. exd6 cxd6 14. Bf4 Nf5 15. Rhe1 Qc6 16. Ng5 e5 17. Bxe5 dxe5 18. Qxe5+ Kf8 19. g4 Qf6 20. Qc7 Rc8 21. Qxb7 Qxg5+ 22. Kb1 Rd8 23. f4 Qf6 24. Qxa7 Ne3 25. Rd4 Re8 26. Qd7 Rxh2 27. Rd3 Rxb2+ 28. Ka1 Nc2+ 29. Kxb2 Nxe1 30. Rh3 Nd3+ 31. Kc2 Re2+ 32. Kxd3 Rd2+ 33. Kxd2 Qxf4+ 34. Re3 Qf2+ 35. Re2 Qf4+ 36. Kc2 1-0

[Event "Privolzhskogo FO-ch"]
[Site "Kazan"]
[Date "2012.03.04"]
[Round "7"]
[White "Talipov, Nafis"]
[Black "Tokarev, Ilya"]
[Result "0-1"]
[WhiteElo "2132"]
[BlackElo "2288"]
[PlyCount "62"]
[EventDate "2012.02.26"]
[EventType "swiss"]
[EventRounds "9"]
[EventCountry "RUS"]
[SourceTitle "CBM 147 Extra"]
[Source "ChessBase"]
[SourceDate "2012.04.24"]
[SourceVersion "1"]
[SourceVersionDate "2012.04.24"]
[SourceQuality "1"]

1. d4 d5 2. c4 c6 3. Nc3 Nf6 4. Nf3 a6 5. cxd5 cxd5 6. Bg5 Nc6 7. a3 Bf5 8. e3 Ne4 9. Bd3 Nxg5 10. Bxf5 e6 11. Bd3 Bd6 12. h4 Nxf3+ 13. Qxf3 f5 14. g4 Qf6 15. gxf5 g6 16. Ke2 gxf5 17. Rag1 0-0-0 18. b4 Kb8 19. b5 Nxd4+ 20. exd4 Qxd4 21. bxa6 Qxc3 22. Rb1 Rd7 23. Rhc1 Qd4 24. Rc6 Rc8 25. Rcb6 Rcc7 26. Qh5 Bc5 27. Qe8+ Ka7 28. axb7 Qxf2+ 29. Kd1 Qg1+ 30. Ke2 Qe3+ 31. Kf1 Qf2# 0-1

[Event "Privolzhskogo FO-ch"]
[Site "Kazan"]
[Date "2012.03.01"]
[Round "4"]
[White "Tsapulin, Anatoly"]
[Black "Tokarev, Ilya"]
[Result "1/2-1/2"]
[WhiteElo "2172"]
[BlackElo "2288"]
[PlyCount "82"]
[EventDate "2012.02.26"]
[EventType "swiss"]
[EventRounds "9"]
[EventCountry "RUS"]
[SourceTitle "CBM 147 Extra"]
[Source "ChessBase"]
[SourceDate "2012.04.24"]
[SourceVersion "1"]
[SourceVersionDate "2012.04.24"]
[SourceQuality "1"]

1. d4 d5 2. c4 c6 3. Nc3 Nf6 4. Nf3 a6 5. e3 b5 6. b3 Bf5 7. Bd3 Bxd3 8. Qxd3 g6 9. 0-0 Nbd7 10. Ne5 dxc4 11. Qc2 cxb3 12. Qxb3 e6 13. Nxc6 Qc7 14. Nb4 Bd6 15. h3 0-0 16. Bd2 Rfc8 17. Rfc1 Qc4 18. Rab1 a5 19. Qxc4 Rxc4 20. Nd3 b4 21. Nb5 Rxc1+ 22. Rxc1 Ne4 23. Nxd6 Nxd6 24. Rc6 Nb5 25. f3 Kf8 26. e4 Ra7 27. Kf2 Rc7 28. Rxc7 Nxc7 29. Ke3 Nb5 30. Nb2 e5 31. d5 Na3 32. Kd3 Nc5+ 33. Ke2 Ke7 34. Nd3 Kd6 35. Be3 Na4 36. Bh6 Nc4 37. Kd1 f5 38. Kc2 fxe4 39. fxe4 Nc3 40. Kb3 Nb6 41. Bf8+ Kc7 1/2-1/2

[Event "Privolzhskogo FO-ch"]
[Site "Kazan"]
[Date "2012.02.28"]
[Round "2"]
[White "Kuporosov, Viktor"]
[Black "Tokarev, Ilya"]
[Result "1-0"]
[WhiteElo "2413"]
[BlackElo "2288"]
[PlyCount "73"]
[EventDate "2012.02.26"]
[EventType "swiss"]
[EventRounds "9"]
[EventCountry "RUS"]
[SourceTitle "CBM 147 Extra"]
[Source "ChessBase"]
[SourceDate "2012.04.24"]
[SourceVersion "1"]
[SourceVersionDate "2012.04.24"]
[SourceQuality "1"]

1. e4 e6 2. d3 c5 3. Nf3 Nc6 4. c3 Nge7 5. g3 g6 6. h4 d5 7. Qe2 Bg7 8. e5 Qc7 9. Bf4 Bd7 10. Na3 a6 11. Nc2 h6 12. Ne3 Qa5 13. Qd2 0-0-0 14. d4 cxd4 15. cxd4 Qxd2+ 16. Kxd2 Kb8 17. Rc1 Rc8 18. Bd3 Ka7 19. Ng4 Nf5 20. Nf6 Nb8 21. g4 Rxc1 22. Rxc1 Nxh4 23. Nxh4 g5 24. Nxd7 Nxd7 25. Rc7 Rd8 26. Bg3 Kb6 27. Rc1 gxh4 28. Bxh4 Rh8 29. Rg1 Nf8 30. Ke3 Ng6 31. Bf6 Bxf6 32. exf6 Nf8 33. Rh1 Nd7 34. g5 h5 35. Rh4 e5 36. Bf5 exd4+ 37. Kxd4 1-0

[Event "Tatarstan-ch"]
[Site "Kazan"]
[Date "2011.12.19"]
[Round "7.2"]
[White "Tokarev, Ilya"]
[Black "Galiev, Azat"]
[Result "0-1"]
[WhiteElo "2279"]
[BlackElo "2277"]
[PlyCount "72"]
[EventDate "2011.12.13"]
[EventType "swiss"]
[EventRounds "9"]
[EventCountry "RUS"]
[SourceTitle "EXT 2022"]
[Source "ChessBase"]
[SourceDate "2021.10.06"]
[SourceVersion "1"]
[SourceVersionDate "2021.10.06"]
[SourceQuality "1"]

1. c4 c5 2. Nc3 Nc6 3. g3 g6 4. Bg2 Bg7 5. a3 e6 6. b4 Nge7 7. Bb2 0-0 8. bxc5 Qa5 9. e3 Qxc5 10. d4 Qa5 11. Qb3 d5 12. Nge2 dxc4 13. Qxc4 b5 14. Qb3 Rb8 15. 0-0 Qb6 16. Rab1 a5 17. d5 Ne5 18. Rfd1 exd5 19. Nf4 Bg4 20. Ncxd5 Nxd5 21. Rxd5 Rfe8 22. h3 Bf5 23. Bd4 a4 24. Qb4 Nc6 25. Bxb6 Nxb4 26. Rxb4 Rxb6 27. Rdxb5 Rxb5 28. Rxb5 Bf8 29. Nd5 Rd8 30. Ra5 Bc2 31. Nc3 Bxa3 32. Nxa4 Bb4 33. Rb5 Rd1+ 34. Bf1 Rxf1+ 35. Kxf1 Bd3+ 36. Kg2 Bxb5 0-1

[Event "Kazan op"]
[Site "Kazan"]
[Date "2010.11.28"]
[Round "6"]
[White "Tokarev, Ilya"]
[Black "Glukhov, Alexander"]
[Result "1/2-1/2"]
[WhiteElo "2267"]
[BlackElo "2024"]
[PlyCount "87"]
[EventDate "2010.11.22"]
[EventType "swiss"]
[EventRounds "9"]
[EventCountry "RUS"]
[SourceTitle "CBM 139 Extra"]
[Source "ChessBase"]
[SourceDate "2011.01.05"]
[SourceVersion "1"]
[SourceVersionDate "2011.01.05"]
[SourceQuality "1"]

1. c4 e5 2. Nc3 g6 3. Nf3 Bg7 4. d4 exd4 5. Nxd4 Ne7 6. g3 d5 7. Bg5 dxc4 8. Ndb5 Qxd1+ 9. Rxd1 Na6 10. Bg2 h6 11. Bf4 0-0 12. Nxc7 Nxc7 13. Bxc7 Nc6 14. 0-0 Be6 15. Bd6 Rfd8 16. Bc5 Rac8 17. Bxc6 bxc6 18. Bxa7 Bxc3 19. bxc3 Rxd1 20. Rxd1 Ra8 21. Bd4 Rxa2 22. Bf6 g5 23. h4 gxh4 24. gxh4 Kh7 25. e4 Kg6 26. Be5 Re2 27. f3 Kh5 28. Bf6 Kg6 29. Bd4 f5 30. Kf1 Rh2 31. Bg1 Rxh4 32. Rd6 Kf7 33. e5 f4 34. Rxc6 Rh5 35. Rc7+ Kg6 36. Bd4 Rh1+ 37. Kg2 Rc1 38. Re7 Rc2+ 39. Kf1 Kf5 40. Rh7 Kg6 41. Re7 Kf5 42. Re8 Bd5 43. Rf8+ Kg5 44. Re8 1/2-1/2

[Event "Kazan op"]
[Site "Kazan"]
[Date "2010.11.24"]
[Round "3"]
[White "Faizrakhmanov, Ramil"]
[Black "Tokarev, Ilya"]
[Result "1/2-1/2"]
[WhiteElo "2043"]
[BlackElo "2267"]
[PlyCount "112"]
[EventDate "2010.11.22"]
[EventType "swiss"]
[EventRounds "9"]
[EventCountry "RUS"]
[SourceTitle "CBM 139 Extra"]
[Source "ChessBase"]
[SourceDate "2011.01.05"]
[SourceVersion "1"]
[SourceVersionDate "2011.01.05"]
[SourceQuality "1"]

1. d4 d5 2. c4 c6 3. Nf3 Nf6 4. Qc2 g6 5. Bf4 dxc4 6. Qxc4 b5 7. Qc1 Bb7 8. Nbd2 Nbd7 9. e3 Rc8 10. Nb3 Nh5 11. Bg3 Nxg3 12. hxg3 e5 13. dxe5 Bb4+ 14. Nbd2 Qe7 15. Be2 Nxe5 16. Nxe5 Qxe5 17. 0-0 0-0 18. Bf3 Rfd8 19. Nb3 a6 20. Qc2 Rc7 21. Rac1 Bf8 22. Qc3 Qe6 23. Qa5 Qe5 24. Qb6 Rcd7 25. Na5 Qc7 26. Qxc7 Rxc7 27. Nxb7 Rxb7 28. Rxc6 Rd2 29. Rxa6 Rc7 30. b3 b4 31. g4 Rcc2 32. Be4 Rb2 33. Ra7 h6 34. Bc6 Bc5 35. Ra5 Be7 36. Bd5 Bh4 37. g3 Bg5 38. Be4 Rxf2 39. Rxf2 Bxe3 40. Rb5 Rxa2 41. Rxb4 Bxf2+ 42. Kh1 Bxg3 43. Rb7 Rh2+ 44. Kg1 Rf2 45. Bd5 Bh4 46. b4 Rf4 47. Kh2 Bf2 48. b5 Rf6 49. Kg2 Bd4 50. Rc7 Kg7 51. Rd7 Bb6 52. Rb7 Bc5 53. Rc7 Bd4 54. Rd7 Be3 55. Re7 Bg5 56. b6 Rxb6 1/2-1/2

[Event "Nezhmetdinov Memorial 32nd"]
[Site "Kazan"]
[Date "2010.06.07"]
[Round "8"]
[White "Tokarev, Ilya"]
[Black "Bezgodova, Svetlana"]
[Result "1-0"]
[WhiteElo "2257"]
[BlackElo "2112"]
[PlyCount "157"]
[EventDate "2010.05.31"]
[EventType "swiss"]
[EventRounds "9"]
[EventCountry "RUS"]
[SourceTitle "CBM 136 Extra"]
[Source "ChessBase"]
[SourceDate "2010.07.02"]
[SourceVersion "2"]
[SourceVersionDate "2010.07.15"]
[SourceQuality "1"]

1. c4 c5 2. Nc3 e6 3. Nf3 d5 4. cxd5 exd5 5. d4 Nc6 6. g3 Nf6 7. Bg2 Be7 8. dxc5 0-0 9. 0-0 Bxc5 10. a3 Ne4 11. Qxd5 Nxc3 12. Qxc5 Nxe2+ 13. Kh1 Nxc1 14. Raxc1 Qf6 15. Rc3 Re8 16. Qb5 a6 17. Qb6 h6 18. Rd1 Re7 19. h3 Bf5 20. Kh2 Rae8 21. Rd2 Bc8 22. Nd4 Nxd4 23. Qxf6 gxf6 24. Rxd4 Re2 25. Rf4 Rxb2 26. Rxf6 Kg7 27. Rf4 Be6 28. Rc7 b5 29. Ra7 Rd8 30. Rxa6 Rdd2 31. Kg1 Rb1+ 32. Kh2 Rbb2 33. Rb6 Ra2 34. Rxb5 Rxa3 35. g4 Raa2 36. Kg3 Ra3+ 37. Kh2 Raa2 38. Kg3 Ra3+ 39. Bf3 Raa2 40. Be4 Ra3+ 41. f3 Ra1 42. Bb1 Ra3 43. Bf5 Ba2 44. Rb7 Rc3 45. Ra7 Rc1 46. Rfa4 Rg1+ 47. Kf4 Rgg2 48. Be4 Rh2 49. h4 Bb3 50. Rb4 Be6 51. Rb6 Bd7 52. h5 Rd4 53. Raa6 Be6 54. Rxe6 fxe6 55. Rxe6 Rdd2 56. Rg6+ Kh7 57. Rc6+ Kg7 58. Rc7+ Kg8 59. Bh7+ Kf8 60. Bg6 Rh3 61. Rh7 Rd4+ 62. Ke3 Rd6 63. Kf4 Rb6 64. Rxh6 Rf6+ 65. Kg5 Rfxf3 66. Bf5 Rb3 67. Rh8+ Kg7 68. Rd8 Rb6 69. Rd7+ Kh8 70. Bg6 Rb8 71. Kh6 Rf3 72. g5 Rf4 73. Bc2 Rc4 74. Bd3 Rc6+ 75. g6 Kg8 76. Be4 Rc5 77. Ra7 Re5 78. Bc2 Rc5 79. Bb3+ 1-0